Koniec zlatej horúčky na Dunaji

Prvé náznaky krízy začínajú strašiť už aj stavebný priemysel. Hrozí útlm stavebného boomu, pomôcť by mohli štátne investície. Ohrozenie developerských skupín. Ceny nehnuteľností, porovnanie s Rakúskom. Ceny bytov by sa mali narovnať - znižovanie cien aj luxusných bytov. Opatrnosť aj v investičnej vý...

Ausführliche Beschreibung

Gespeichert in:
Bibliographische Detailangaben
1. Verfasser: Zverková, Daniela
Weitere Verfasser: Hudec, Marián
Format: Buchkapitel
Sprache:Slowakisch
Schlagworte:
Tags: Tag hinzufügen
Keine Tags, Fügen Sie das erste Tag hinzu!

MARC

LEADER 00000naa$a2200000$$$4500
001 0088103
005 20231009111021.2
041 0 |a slo 
044 |a SK 
245 1 0 |a Koniec zlatej horúčky na Dunaji  |c Daniela Zverková, Marián Hudec 
520 |a Prvé náznaky krízy začínajú strašiť už aj stavebný priemysel. Hrozí útlm stavebného boomu, pomôcť by mohli štátne investície. Ohrozenie developerských skupín. Ceny nehnuteľností, porovnanie s Rakúskom. Ceny bytov by sa mali narovnať - znižovanie cien aj luxusných bytov. Opatrnosť aj v investičnej výstavbe. Dôsledky krízy. 
610 2 0 |a stavebníctvo 
610 2 0 |a výstavba bytová 
610 2 0 |a ceny 
610 2 0 |a výstavba investičná 
610 2 0 |a kríza finančná 
100 1 |a Zverková, Daniela 
700 1 |a Hudec, Marián